000 00349nam a2200133Ia 4500
008 240624s9999 xx 000 0 und d
041 _aeng
082 _a658.827 ING
100 _aINGRASSIA LAWRENCE
245 _aBILLION DOLLAR BRAND CLUB HOW DOLLAR SHA
260 _c2020
_aNew York
_bHenry Holt and Co
300 _a256p. ;23cm.
365 _c
_b33
999 _c32564
_d32564